Prieskum uplatňovania monitorovania a merania spokojnosti zákazníka = Research of exercitation of monitoring the customer's satisfaction : Bakalárska práca

Gespeichert in:
Bibliographische Detailangaben
1. Verfasser: Banáš, Daniel, 1986- (Verfasst von)
Weitere Verfasser: Urdziková, Jana (xxx)
Format: Manuskript Buch
Sprache:Slowakisch
Veröffentlicht: Trnava : STU v Bratislave MTF UPMK KIK, 2008
Schlagworte:
Tags: Tag hinzufügen
Keine Tags, Fügen Sie das erste Tag hinzu!

MARC

LEADER 00000ntm a22000003a 4500
001 stu172110
005 20160719155956.8
008 081010s2008----xo------------------slo-d
040 |a STU  |b slo 
041 0 |a slo 
044 |a xo 
100 1 |a Banáš, Daniel,  |d 1986-  |4 aut  |X 29951  |7 A000029951 
245 1 |a Prieskum uplatňovania monitorovania a merania spokojnosti zákazníka = Research of exercitation of monitoring the customer's satisfaction :  |b Bakalárska práca 
260 |a Trnava :  |b STU v Bratislave MTF UPMK KIK,  |c 2008 
300 |a 49 s  |c príl., 1 CD-ROM 
500 |a Študijný program: kvalita produkcie 
500 |a Študijný odbor: 5.2.57 kvalita produkcie 
650 7 |a spokojnosť zákazníkov  |2 stusub 
700 1 |a Urdziková, Jana  |4 xxx  |u M4000  |U MTF Materiálovotechnologická fakulta  |T MTF Ústav priemyselného inžinierstva a manažmentu  |U M4000  |Y 84 
996 |b 284M068773  |c M*BP-3531  |l MMSKP  |s P  |a 0  |w stu172110_0001